Introduction to computers and computing : (Record no. 50548)
[ view plain ]
| 000 -LEADER | |
|---|---|
| fixed length control field | 00636 a2200229 4500 |
| 041 ## - LANGUAGE CODE | |
| Language code of text/sound track or separate title | Eng |
| 082 ## - DEWEY DECIMAL CLASSIFICATION NUMBER | |
| Classification number | 001.64 |
| Item number | R395i |
| 100 ## - MAIN ENTRY--PERSONAL NAME | |
| Personal name | Richardson, R. L. |
| 9 (RLIN) | 3632 |
| 100 ## - MAIN ENTRY--PERSONAL NAME | |
| Personal name | Gilchrist, Janet |
| 9 (RLIN) | 9545 |
| 245 ## - TITLE STATEMENT | |
| Title | Introduction to computers and computing : |
| Remainder of title | a hands-on approach |
| 260 ## - PUBLICATION, DISTRIBUTION, ETC. | |
| Place of publication, distribution, etc. | Dubuque (Iows) |
| Name of publisher, distributor, etc. | Gorsuch Scarisbrick Publishers |
| Date of publication, distribution, etc. | 1984 |
| 300 ## - PHYSICAL DESCRIPTION | |
| Extent | x, 237p. illus. |
| 650 ## - SUBJECT ADDED ENTRY--TOPICAL TERM | |
| Topical term or geographic name entry element | Computers |
| 9 (RLIN) | 243 |
| 650 ## - SUBJECT ADDED ENTRY--TOPICAL TERM | |
| Topical term or geographic name entry element | Microcomputers |
| 9 (RLIN) | 1863 |
| 650 ## - SUBJECT ADDED ENTRY--TOPICAL TERM | |
| Topical term or geographic name entry element | Software |
| 9 (RLIN) | 271 |
| 650 ## - SUBJECT ADDED ENTRY--TOPICAL TERM | |
| Topical term or geographic name entry element | Operating systems |
| 650 ## - SUBJECT ADDED ENTRY--TOPICAL TERM | |
| Topical term or geographic name entry element | Networks |
| 9 (RLIN) | 638 |
| 650 ## - SUBJECT ADDED ENTRY--TOPICAL TERM | |
| Topical term or geographic name entry element | Procedure |
| 9 (RLIN) | 3866 |
| 653 ## - INDEX TERM--UNCONTROLLED | |
| Uncontrolled term | Knowledge |
| 942 ## - ADDED ENTRY ELEMENTS (KOHA) | |
| Source of classification or shelving scheme | Dewey Decimal Classification |
| Koha item type | General Collections |
| 518 ## - DATE/TIME AND PLACE OF AN EVENT NOTE | |
| -- | 2067-9-25 |
| Withdrawn status | Lost status | Source of classification or shelving scheme | Damaged status | Not for loan | Home library | Current library | Date acquired | Total Checkouts | Full call number | Barcode | Date last seen | Price effective from | Koha item type |
|---|---|---|---|---|---|---|---|---|---|---|---|---|---|
| Dewey Decimal Classification | Tribhuvan University Central Library | Tribhuvan University Central Library | 01/09/2011 | 001.64 R395i | G35821 | 01/09/2011 | 01/09/2011 | General Collections |
